VIII Jornadas técnicas. La economía forestal y el desarrollo sustentable : Actas.

Guardado en:
Autor Corporativo: Jornadas técnicas. La economía forestal y el desarrollo sustentable Eldorado, Misiones)
Formato: Libro
Idioma:Spanish
Publicado: Eldorado : Universidad Nacional de Misiones. Instituto Subtropical de Investigaciones Forestales, 1995.
Etiquetas: Agregar Etiqueta
Sin Etiquetas, Sea el primero en etiquetar este registro!
LEADER 00711nam a22001695a 4500
001 EEA.libagro005140
005 20181003123749.0
008 130809s1995####ag#a##########100#0#spa#d
082 0 4 |a 634.92 
082 0 4 |a 639.9 
082 0 4 |a 338.1749 
082 0 4 |a 382.918 
111 2 |a Jornadas técnicas. La economía forestal y el desarrollo sustentable  |n (8 :  |d 11 al 13 de octubre de 1995 :  |c Eldorado, Misiones) 
245 1 0 |a VIII Jornadas técnicas. La economía forestal y el desarrollo sustentable :  |b Actas. 
260 |a Eldorado :  |b Universidad Nacional de Misiones. Instituto Subtropical de Investigaciones Forestales,  |c 1995. 
300 |a 193 p. :  |b il. ;  |c 30 cm. 
859 |a AR-BbBCA  |b BIB. AGRONOMIA  |h 634.92  |i J82 8 1995  |p 1995/2411